50 Biggest Places In Idaho - Statistics

General Stats
  • This quiz has been taken 8 times
    7 since last reset
  • The average score is 30 of 50
Answer Stats
First Letter County(s) Population Answer % Correct
B Ada 235,012 Boise
100%
C Kootenai 58,195 Coeur/Coeur d'Alene
100%
I Bonneville 69,398 Idaho Falls
100%
C Canyon 73,466 Caldwell
86%
H Blaine 10,234 Hailey
86%
J Jerome 13,641 Jerome
86%
L Nez Perce 35,230 Lewiston
86%
M Ada 145,039 Meridian
86%
M Latah 26,968 Moscow
86%
N Canyon 122,906 Nampa
86%
P Bannock 59,149 Pocatello
86%
R Madison 40,344 Rexburg
86%
T Twin Falls 56,849 Twin Falls
86%
A Bonneville 20,778 Ammon
71%
B Cassia 12,404 Burley
71%
C Bannock 16,824 Chubbuck
71%
E Ada 33,285 Eagle
71%
K Ada 30,427 Kuna
71%
M Elmore 17,139 Mountain Home
71%
P Payette 8,932 Payette
71%
P Kootenai 48,494 Post Falls
71%
P Franklin 6,434 Preston
71%
S Ada 19,590 Star
71%
A Power 4,927 American Falls
57%
B Bingham 13,380 Blackfoot
57%
G Ada 13,110 Garden City
57%
G Gooding 3,859 Gooding
57%
H Kootenai 16,935 Hayden
57%
K Blaine 3,644 Ketchum
57%
M Valley 4,296 McCall
57%
R Kootenai 13,107 Rathdrum
57%
R Minidoka 6,470 Rupert
57%
S Lemhi 3,413 Salmon
57%
S Bonner 10,886 Sandpoint
57%
B Twin Falls 4,813 Buhl
43%
F Payette 7,392 Fruitland
43%
G Idaho 3,809 Grangeville
43%
O Clearwater 3,367 Orofino
43%
R Jefferson 5,913 Rigby
43%
S Fremont 4,236 St. Anthony
43%
W Washington 6,320 Weiser
43%
E Gem 9,006 Emmett
29%
H Minidoka 3,741 Heyburn
29%
H Owyhee 3,300 Homedale
29%
I Bonneville 3,345 Iona
29%
K Twin Falls 5,831 Kimberly
29%
L Bonneville 3,636 Lincoln
29%
M Canyon 11,987 Middleton
29%
S Bingham 5,416 Shelley
29%
H Ada 3,910 Hidden Springs
14%
No matching quizzes found
Score Distribution
Percent of People with Each Score
Percentile by Number Answered
Your Score History
You have not taken this quiz since the last reset